000
00307nam a2200121Ia 4500
100
_a
Virmani/S.K
650
_a
Automobiles
942
_c
BK
654
_a
Workshop Cal &Solved Papers Radio
245
_a
Workshop Cal &Solved Papers Radio
260
_b
New heights publishers .
_a
New Delhi
546
_a
ENGLISH
999
_c
25977
_d
25977